Loading...
| Science - Chemistry | 0 | 5 | 0 | 0 | 50 | 66 | 97.80 | 1 | 2 | 11.39 | 30.19 |
| Science - Biology | 0 | 4 | 0 | 0 | 40 | 87 | 101.50 | 0 | 0 | 5.83 | 18.08 |
| Science - Other | 0 | 3 | 0 | 2 | 30 | 106 | 116.67 | 0 | 0 | 1.05 | 5.38 |
| Mythology | 0 | 2 | 0 | 0 | 20 | 56 | 70.50 | 0 | 1 | 6.70 | 9.23 |
| Science - Physics | 0 | 2 | 0 | 0 | 20 | 103 | 108.50 | 0 | 0 | 1.75 | 7.69 |
| History - American | 0 | 2 | 0 | 1 | 20 | 116 | 122.50 | 0 | 0 | 0.77 | 4.62 |
| Fine Arts - Classical Music | 0 | 2 | 0 | 0 | 20 | 134 | 136.00 | 0 | 1 | 0.05 | 4.42 |
| Literature - British | 0 | 1 | 0 | 0 | 10 | 128 | 128.00 | 0 | 0 | 0.34 | 1.92 |
| Fine Arts - Other | 0 | 1 | 0 | 0 | 10 | 132 | 132.00 | 0 | 0 | -0.18 | 2.31 |
| Fine Arts - Visual | 0 | 1 | 0 | 0 | 10 | 124 | 124.00 | 0 | 0 | 0.41 | 2.88 |
| History - Other | 0 | 1 | 0 | 1 | 10 | 130 | 130.00 | 0 | 0 | 1.21 | 6.15 |
| History - European | 0 | 0 | 0 | 0 | 0 | 0.00 | 0 | 0 | 0.00 | 0.00 | |
| Social Science | 0 | 0 | 0 | 0 | 0 | 0.00 | 0 | 0 | 0.00 | 0.00 |